| 000 | 00447nam a2200181Ia 4500 | ||
|---|---|---|---|
| 001 | 1647 | ||
| 005 | 20260306143743.0 | ||
| 008 | 260306t2000||||xx |||||||||||||| ||spa|| | ||
| 041 | _aESP | ||
| 082 |
_a153.9 _bL595 |
||
| 100 |
_aLynn, Adele B. _eAUT |
||
| 245 | 0 | _a50 actividades para desarrollar la inteligencia emocional | |
| 260 | _c2000 | ||
| 300 |
_a186 páginas : _c30 cm. |
||
| 650 | _aGEN | ||
| 654 | _aCPS | ||
| 942 |
_cLIB _dJUS _fJUS _2ddc _n |
||
| 999 |
_c1647 _d1647 |
||